Loading...

Ettamathe Mothiram /

Bibliographic Details
Main Author: Mathew, K. M.
Language:Undetermined
Published: Kottayam : D C Books , 2008,2012.
Subjects:
LEADER 01183nam a2200205Ia 4500
001 179242
008 170722s9999 xx 000 0 und d
020 |a 9788126418527 
100 |a Mathew, K. M. 
245 |a Ettamathe Mothiram / 
260 |a Kottayam :  |b D C Books ,  |c 2008,2012. 
300 |a 512 p. 
653 |a Ettamathe Mothiram 
923 |d 20080901  |n 000115 
942 |c GEN 
999 |c 137256  |d 137256 
952 |0 0  |1 0  |4 0  |6 M_2WN141_P8KRP81GBP8232P83GB  |7 0  |8 KR  |9 193748  |a LIB  |b LIB  |d 2013-03-25  |e D C Books  |o M2wN14,1 P8(KR),P8;1(GB)-P8;2,32P8;3(GB)  |p 267825  |r 2017-08-12  |v 250.00  |w 2017-08-12  |y GEN 
952 |0 0  |1 0  |4 0  |6 M_2WN141_P8KRP81GBP8232P83GB  |7 0  |8 GB  |9 193749  |a LIB  |b LIB  |d 2013-03-25  |e D C Books  |l 1  |o M2wN14,1 P8(KR),P8;1(GB)-P8;2,32P8;3(GB)  |p 267826  |r 2018-01-01  |s 2017-11-27  |v 250.00  |w 2017-08-12  |y GEN 
952 |0 0  |1 0  |4 0  |6 M_2WN141_P8KRP81GBP8232P83GB  |7 0  |9 193750  |a LIB  |b LIB  |d 2013-04-16  |e Mathrubhumi Books  |l 1  |o M2wN14,1 P8(KR),P8;1(GB)-P8;2,32P8;3(GB)  |p 290791  |r 2019-03-08  |s 2019-02-06  |v 250.00  |w 2017-08-12  |y GEN 
952 |0 0  |1 0  |4 0  |6 M_2WN141_P8KRP81GBP8232P83GB  |7 0  |8 GB  |9 193751  |a LIB  |b LIB  |d 2017-08-12  |l 1  |o M2wN14,1 P8(KR),P8;1(GB)-P8;2,32P8;3(GB)  |p G34897  |r 2017-11-19  |s 2017-10-28  |v 250.00  |w 2017-08-12  |y GEN